000 00537nam a2200181 4500
999 _c11608
_d11608
008 200320b ||||| |||| 00| 0 eng d
020 _a9789280116823
040 _aIMO
082 0 0 _a343.09322
_bIMO
245 1 0 _aIMDG code : international maritime dangerous goods code : incorporating amendment 39-18, Vol. 1
250 _a2018
260 _aLondon
_bInternational Maritime Organization
_c2018
300 _axiv, 529 p.
650 0 _aShips - Cargo
650 0 _aSafety measures
650 0 _aSafety regulations
942 _2ddc
_cRT